Logo BPK

Biblioteka

Politechniki Koszalińskiej

Wstęp do elektroniki molekularnej / (Rekord nr 55570)

Szczegóły MARC
000 -ETYKIETA REKORDU
podpole kontrolne o stałej długości 00718nam a2200253 i 4500
001 - NUMER KONTROLNY REKORDU
pole kontrolne bg
020 ## - MIĘDZYNARODOWY ZNORMALIZOWANY NUMER KSIĄŻKI - ISBN
ISBN 9788373482142
040 ## - ŹRÓDŁO KATALOGOWANIA
Instytucja, która utworzyła rekord BPK
041 ## - KOD JĘZYKA
Kod języka tekstu pol
044 ## - KOD KRAJU WYDAWCY/PRODUCENTA
Kod kraju wydawcy/producenta POL
080 ## - UNIWERSALNA KLASYFIKACJA DZIESIĘTNA - UKD
UKD 621.38:539.1](075.8)
920 ## - Międzynarodowy znormalizowany numer książki – ISBN
ISBN 978-83-7348-214-2
008 - POLE O STAŁEJ DŁUGOŚCI - DANE KONTROLNE
podpole kontrolne o stałej długości s pl f |000 0 pol
100 ## - NAZWA OSOBOWA
Nazwa osobowa Godlewski, Jan
Daty związane z nazwą (1945- ).
245 10 - TYTUŁ/ODPOWIEDZIALNOŚĆ
Tytuł Wstęp do elektroniki molekularnej /
Pozostałe elementy strefy tytułu i oznaczenia odpowiedzialności Jan Godlewski.
260 ## - STREFA ADRESU WYDAWNICZEGO
Miejsce wydania Gdańsk :
Nazwa wydawcy/dystrybutora Wydawnictwo Politechniki Gdańskiej,
Data publikacji, dystrybucji/powstania dokumentu 2008.
300 ## - STREFA OPISU FIZYCZNEGO
Objętość 187 s. :
Inne cechy fizyczne il. ;
Rozmiary 25 cm.
504 ## - UWAGA DOTYCZĄCA BIBLIOGRAFII
Informacje o bibliografii Bibliogr. przy rozdz.
650 #9 - HASŁO PRZEDMIOTOWE W FORMIE NAZWY OGÓLNEJ LUB JEDNOSTKOWEJ
Nazwa ogólna lub geograficzna Fizyka molekularna
650 #9 - HASŁO PRZEDMIOTOWE W FORMIE NAZWY OGÓLNEJ LUB JEDNOSTKOWEJ
Nazwa ogólna lub geograficzna Układy elektroniczne
650 #9 - HASŁO PRZEDMIOTOWE W FORMIE NAZWY OGÓLNEJ LUB JEDNOSTKOWEJ
Nazwa ogólna lub geograficzna Elektronika
Określnik ogólny urządzenia
655 ## - TERMIN INDEKSOWY - OKREŚLENIE RODZAJU/FORMY DOKUMENTU
Określenie rodzaju/formy dokumentu Podręczniki akademickie
856 ## - LOKALIZACJA I DOSTĘP DO ELEKTRONICZNYCH DOKUMENTÓW ZDALNYCH
Link (URL) http://koha.tu.koszalin.pl/cgi-bin/koha/opac-detail.pl?biblionumber=55570
Tekst linku Katalog online BPK
942 ## - DODATKOWE ELEMENTY (KOHA)
Typ dokumentu Książka
Egzemplarze
Wycofany Status egzemplarza Uszkodzony Dostępność Lokalizacja stała Lokalizacja bieżąca Miejsce przechowywania Sygnatura Kod kreskowy Ostatnio wypożyczono Dział Typ dokumentu
      Tylko na miejscu Czytelnia Wydziału Elektroniki i Informatyki, Wydziału Architektury i Wzornictwa, Wydziału Inżynierii Mechanicznej i Energetyki oraz Wydziału Inżynierii Lądowej, Środowiska i Geodezji Czytelnia Wydziału Elektroniki i Informatyki, Wydziału Architektury i Wzornictwa, Wydziału Inżynierii Mechanicznej i Energetyki oraz Wydziału Inżynierii Lądowej, Środowiska i Geodezji Czytelnia Wydziałowa ul. Śniadeckich 2 88846 02445342 29.01.2024 621.38 Elektronika Książka
© 2023 Biblioteka Politechniki Koszalińskiej :: KOHA